MARC details
| 000 -LÍDER |
| campo de controle de tamanho fixo |
01111nam a2200337 4500 |
| 001 - NÚMERO DE CONTROLE |
| campo de controle |
29 |
| 003 - IDENTIFICADOR DO NÚMERO DE CONTROLE |
| campo de controle |
OSt |
| 005 - DATA E HORÁRIO DA ÚLTIMA TRANSAÇÃO |
| campo de controle |
20250207104135.0 |
| 008 - CAMPO DE DADOS FIXOS--INFORMAÇÃO GERAL |
| campo de controle de tamanho fixo |
250121b |||||||g |||| 00| j eng d |
| 020 ## - ISBN - INTERNATIONAL STANDARD BOOK NUMBER |
| ISBN - International Standard Book Number |
8501036048 |
| 040 ## - FONTE DA CATALOGAÇÃO |
| Idioma da catalogação |
por |
| 041 ## - CÓDIGO DE IDIOMA |
| Código do idioma do original e/ou traduções intermediárias do texto |
eng |
| Código do idioma do texto/trilha sonora ou título diferente |
por |
| 082 ## - CDD - CLASSIFICAÇÃO DECIMAL DE DEWEY |
| Número de Classificação |
813 |
| Número do exemplar |
A832s |
| 100 1# - ENTRADA PRINCIPAL--NOME PESSOAL |
| Nome pessoal |
Asimov, Isaac, |
| Datas associadas ao nome |
1920-1992. |
| 9 (RLIN) |
75 |
| 240 ## - TÍTULO UNIFORME |
| Título uniforme |
Robot Dreams |
| 245 ## - TÍTULO |
| Título |
Sonhos de robô / |
| Indicação de responsabilidade, etc. |
Asimov, Isaac ; Tradução de Braulio Tavares e Anna Beatriz Sach |
| 260 ## - PUBLICAÇÃO, DISTRIBUIÇÃO, ETC. |
| Local de publicação, distribuição, etc. |
Rio de Janeiro |
| Nome do editor, distribuidor, etc. |
Record |
| Data da publicação, distribuição, etc. |
1991 |
| 300 ## - DESCRIÇÃO FÍSICA |
| Extensão |
460 p. |
| 520 ## - NOTA DE RESUMO, ETC. |
| Resumo, etc. |
"Sonhos de robôs" é um livro de contos de ficção científica escrito por Isaac Asimov em 1986. Ele reúne 20 contos antigos de Asimov, além de um escrito especialmente para este livro. |
| 650 #0 - ASSUNTO--TERMO TÓPICO |
| Cabeçalho tópico ou nome geográfico |
Literatura Americana |
| 9 (RLIN) |
84 |
| 650 #0 - ASSUNTO--TERMO TÓPICO |
| Cabeçalho tópico ou nome geográfico |
Historias curtas |
| 9 (RLIN) |
67 |
| 650 #0 - ASSUNTO--TERMO TÓPICO |
| Cabeçalho tópico ou nome geográfico |
Filme |
| 9 (RLIN) |
26 |
| 650 #0 - ASSUNTO--TERMO TÓPICO |
| Cabeçalho tópico ou nome geográfico |
Seres de outro planeta |
| 9 (RLIN) |
222 |
| 650 #0 - ASSUNTO--TERMO TÓPICO |
| Cabeçalho tópico ou nome geográfico |
Ficção Científica |
| 9 (RLIN) |
63 |
| 650 #0 - ASSUNTO--TERMO TÓPICO |
| Cabeçalho tópico ou nome geográfico |
Distopias |
| 9 (RLIN) |
76 |
| 650 #0 - ASSUNTO--TERMO TÓPICO |
| Cabeçalho tópico ou nome geográfico |
Clássicos |
| 9 (RLIN) |
77 |
| 655 #0 - TERMO DE ÍNDICE--GÊNERO E FORMA |
| Gênero/forma/ou termo foco |
Conto |
| 700 ## - ENTRADA ADICIONADA - NOME PESSOAL |
| Nome pessoal |
Braulio Tavares |
| Função do autor por extenso |
Tradutor |
| 9 (RLIN) |
78 |
| 700 ## - ENTRADA ADICIONADA - NOME PESSOAL |
| Nome pessoal |
Anna Beatriz Sach |
| Função do autor por extenso |
Tradutor |
| 9 (RLIN) |
79 |
| 942 ## - ELEMENTOS DE ENTRADA ADICIONADOS (KOHA) |
| Fonte de classificação ou esquema de arquivamento |
Classificação decimal de Dewey |
| Ocultar no OPAC |
Não |
| Tipo de material Koha |
Livros |